| 000 | 00514nam a2200193 a 4500 | ||
|---|---|---|---|
| 001 | 13325 | ||
| 003 | CO-ViMGA | ||
| 008 | 141112s2004 ck r 000 u spa d | ||
| 040 |
_aCO-ViMGA _bspa _cCO-ViMGA |
||
| 082 | 0 | 4 | _aG 863 E777c |
| 100 | 1 |
_aEstrada, Ricardo _919521 |
|
| 111 |
_aÔEstrada _919522 |
||
| 245 | 1 | 0 | _aUnos cuentos y cabeza que no siento. |
| 250 | _a2 | ||
| 260 |
_aGuatemala : _bEditorial Cultura, _c1988 |
||
| 300 | _a108 | ||
| 650 | 1 | 4 |
_aCUENTOS GUATEMALTECOS - SIGLOXX _919523 |
| 942 |
_2ddc _cBK |
||
| 999 |
_c24073 _d24073 |
||